Microsoft Visual Basic 6.0 Professional Step by Step (Record no. 7952)
[ view plain ]
| 000 -LEADER | |
|---|---|
| fixed length control field | 00285nam a2200109Ia 4500 |
| 008 - FIXED-LENGTH DATA ELEMENTS--GENERAL INFORMATION | |
| fixed length control field | 191201s2019 xx 000 0 und d |
| 100 ## - MAIN ENTRY--PERSONAL NAME | |
| Personal name | HALVORSON, Michael |
| 245 #0 - TITLE STATEMENT | |
| Title | Microsoft Visual Basic 6.0 Professional Step by Step |
| 250 ## - EDITION STATEMENT | |
| Edition statement | 2nd |
| 260 ## - PUBLICATION, DISTRIBUTION, ETC. (IMPRINT) | |
| Name of publisher, distributor, etc | PHI |
| Place of publication, distribution, etc | New Delhi |
| 942 ## - ADDED ENTRY ELEMENTS (KOHA) | |
| Source of classification or shelving scheme | Dewey Decimal Classification |
| Koha item type | Text Books |
| Withdrawn status | Lost status | Source of classification or shelving scheme | Damaged status | Not for loan | Collection code | Home library | Current library | Date acquired | Source of acquisition | Cost, normal purchase price | Bill Number | Total Checkouts | Full call number | Acc. no. / Barcode | Date last seen | Date last borrowed | Actual Cost, discounted price | Bill Date | Koha item type |
|---|---|---|---|---|---|---|---|---|---|---|---|---|---|---|---|---|---|---|---|
| Dewey Decimal Classification | BCA | PIET C-LIBRARY | PIET C-LIBRARY | 14/02/2015 | KIRTI PRAKASHAN, NEW DELHI | 495.00 | IN2202 | 3 | 005.133 HAM | BC1146 | 01/12/2022 | 17/11/2022 | 326.70 | 14/02/2015 | Text Books | ||||
| Dewey Decimal Classification | BCA | PIET C-LIBRARY | PIET C-LIBRARY | 14/02/2015 | KIRTI PRAKASHAN, NEW DELHI | 495.00 | IN2202 | 6 | 005.133 HAM | BC1147 | 20/04/2023 | 19/04/2023 | 326.70 | 14/02/2015 | Text Books |